Estrategias eficaces para enseñar en la universidad. Guía para docentes comprometidos
Guardat en:
| Autors principals: | , , |
|---|---|
| Format: | Llibre |
| Idioma: | espanyol |
| Publicat: |
Madrid, España
Narcea S. A de Ediciones
2012
|
| Col·lecció: | Universitaria
|
| Matèries: | |
| Etiquetes: |
Afegir etiqueta
Sense etiquetes, Sigues el primer a etiquetar aquest registre!
|
MARC
| LEADER | 00000cam a2200000 a 4500 | ||
|---|---|---|---|
| 001 | UCF8983 | ||
| 003 | CL-VaPUC | ||
| 005 | 20220311140321.0 | ||
| 008 | 131018e20120000sp |||||||||||||||||spa|d | ||
| 999 | |c 353480 |d 353478 | ||
| 020 | |a 9788427718135 | ||
| 040 | |c Pontificia Universidad Católica de Valparaíso | ||
| 082 | 0 | 4 | |a 378.125 MOO 2012 |2 21 |
| 100 | |a Moore, Sarah |e autora |9 571129 | ||
| 245 | 1 | 0 | |a Estrategias eficaces para enseñar en la universidad. |b Guía para docentes comprometidos |
| 260 | |a Madrid, España |b Narcea S. A de Ediciones |c 2012 | ||
| 300 | |a 171 páginas | ||
| 440 | |a Universitaria |9 860901 | ||
| 500 | |a c.3 Donación VRA- N. Vásquez | ||
| 583 | |a last modification |c 20131018 14:00:00 |k Rodrigo Vera | ||
| 650 | 0 | |a Educación superior |9 223851 | |
| 650 | 0 | |a Universidades |9 256317 | |
| 650 | 0 | |a Métodos de enseñanza |9 270413 | |
| 700 | 0 | |a Walsh, Gary |e author |9 571130 | |
| 700 | 0 | |a Rísquez, Angélica |e author |9 571131 | |
| 942 | |c BK |2 ddc | ||
| 945 | |d 20131018 14:00:00 |a dcastane | ||
| 952 | |0 0 |1 0 |3 erb |4 0 |6 378_125000000000000_MOO_2012 |7 0 |8 A |9 458734 |a BIBEDU |b BIBEDU |d 2019-11-23 |i 5018323 |o 378.125 MOO 2012 |p 5018323 |r 2019-11-23 |w 2019-11-23 |y BK |z Catalogado en:20131018 |k EPE | ||
| 952 | |0 0 |1 0 |3 erb |4 0 |6 378_125000000000000_MOO_2012 |7 0 |8 A |9 458735 |a BIBING |b BIBING |i 5069823 |o 378.125 MOO 2012 |p 5069823 |r 2025-01-20 |w 2019-11-23 |y BK |z Catalogado en:20140502 |k GEO | ||
| 952 | |0 0 |1 0 |2 ddc |4 0 |6 378_125000000000000_MOO_2012 |7 0 |8 A |9 577777 |a BIBHIS |b BIBHIS |d 2021-05-18 |i 5620953 |o 378.125 MOO 2012 |p 5620953 |r 2025-01-20 |t 3 |w 2021-05-18 |y BK |k HIS | ||